| 000 | 00474nam a22001697a 4500 | ||
|---|---|---|---|
| 003 | BD-ChCU | ||
| 005 | 20251105090651.0 | ||
| 008 | 251105b bg ||||| |||| 00| 0 ben d | ||
| 040 | _cBD-ChCU | ||
| 082 | _a297.909 SHO | ||
| 100 |
_aShushtery , A.M.A. _915455 |
||
| 245 |
_aOutlines of Islamic culture./ _cA.M.A. Shushtery. |
||
| 260 |
_aLahore _bSh. Mohammad Ashraf _c1966 |
||
| 300 | _a14 , 571p | ||
| 650 | 0 |
_aIslam - Social Life & Customs _915457 |
|
| 942 |
_2ddc _cBK _n0 |
||
| 999 |
_c109118 _d109118 |
||